North East MRT Line (Singapore) - Statistics

General Stats
  • This quiz has been taken 32 times
  • The average score is 16 of 17
Answer Stats
Hint Answer % Correct
NE 6 (NS 24 & CC1) Dhoby Ghaut
100%
NE 1 (CC29) HarbourFront
100%
NE 9 Boon Keng
96%
NE 4 (DT 19) Chinatown
96%
NE 14 Hougang
96%
NE 13 Kovan
96%
NE 7 (DT 12) Little India
96%
NE 3 (EW 16 & TE 17) Outram Park
96%
NE 17 (PTC) Punggol
96%
NE 18 Punggol Coast
96%
NE 16 (STC) Sengkang
96%
NE 12 (CC 13) Serangoon
96%
NE 15 Buangkok
92%
NE 8 Farrer Park
92%
NE 11 Woodleigh
92%
NE 5 Clarke Quay
88%
NE 10 Potong Pasir
88%
No matching quizzes found
Score Distribution
Percent of People with Each Score
Percentile by Number Answered
Your Score History
You have not taken this quiz